[Event "Linares 14th"]
[Site "Linares"]
[Date "1997.02.16"]
[Round "11"]
[White "Kasparov, Garry"]
[Black "Kramnik, Vladimir"]
[Result "1-0"]
[WhiteElo "2795"]
[BlackElo "2740"]
[Annotator "Psakhis,L"]
[PlyCount "113"]
[EventDate "1997.02.04"]
[EventType "tourn"]
[EventRounds "11"]
[EventCountry "ESP"]
[EventCategory "18"]
[SourceTitle "CBM 057"]
[Source "ChessBase"]
[SourceDate "1997.04.01"]
[SourceVersion "1"]
[SourceVersionDate "1997.04.01"]
[SourceQuality "1"]

1. d4 Nf6 2. c4 e6 3. Nc3 Bb4 {Surprise for Kasparov. Kramnik never played
Nimzo in his life. Gary made now every move after long thoughts.} 4. e3 {
I suspect, that two great K spent a lot time together anylizing 4.Qc2} O-O 5.
Bd3 c5 6. Nf3 d5 7. O-O Nc6 8. a3 Bxc3 9. bxc3 dxc4 10. Bxc4 Qc7 11. Ba2 b6 {
Rare move.Normal continuation here} (11... e5 {/\Bg4} 12. h3 b6) 12. Re1 $5 (
12. Qe2 e5 13. d5 e4 14. Nd2 Ne5 15. c4 {[%cal Yf2f4]} Neg4 16. f4 exf3 17.
gxf3 Ne5 18. Kh1 {1-0 Furman,S-Kondratiev,P/Leningrad 1952 (32)}) 12... e5 13.
e4 Bg4 $6 {New and not best move. Clearly stronger} (13... cxd4 $5 14. cxd4
exd4 15. Bg5 (15. e5 Ng4) 15... Bg4 16. Bxf6 gxf6 17. h3 Bxf3 18. Qxf3 Qe5 19.
Rad1 Rac8 20. Rd3 Ne7 $13 {1/2-1/2 Knaak-Horvath,Cs/Dresden 1988 (56) with
unclear game.}) 14. dxc5 $1 {Natural 14.d5 will be serious positional mistake-
bishop on a2  could be closed for a long time.} bxc5 15. h3 Rad8 16. Qe2 Bxf3
17. Qxf3 $14 {[%cal Ya2f7,Yc1g5,Ya1b1] Kasparov has clear advandage with two
bishops in open position.} Rd6 18. Bg5 $5 (18. Be3 Qa5) 18... h6 19. Bh4 Rfd8 (
19... Rb8 20. Red1) 20. Rab1 $5 {[%cal Yb1b7]} Ne7 $5 {Kramnik trying to
improve knight's position} (20... Rd3 21. Re3 {[%cal Rh4f6]}) 21. Bc4 Nc8 {
[%cal Yc8b6]} (21... Ng6 $5 22. Bg3 Rd2 (22... Rb8 $6 23. Qf5 {[%cal Rf5g6]}) (
22... Rb6 $5) 23. Qf5 Kh8 $14) 22. Bg3 Nb6 23. Bb5 Re6 24. a4 $1 {White has to
push away knight from b6.} c4 $5 {[%csl Gd3]} (24... a5 $6 $16 {[%csl Rb5]})
25. Qe2 Rd3 26. a5 Nc8 $6 ({Better chances for positive result gives} 26...
Nbd7 $5 {For example:} 27. Rb4 Rxc3 28. Qa2 $1 (28. Qd2 Ra3 29. Rxc4 Qxa5)
28... Nc5 29. Rxc4 Rxc4 30. Bxc4 Rc6 31. Bd5 Nd3 $1 32. Bxc6 Nxe1 33. Bd5 Nd3
$14) 27. Rb4 $1 Rxc3 (27... Nd6 28. Bxc4 Nxc4 29. Qxd3 $18) 28. Rxc4 Rxc4 (
28... Qxa5 $6 29. Qd2 $1 {Maybe Kramnik missed this move when he played 26...
Nc8}) 29. Qxc4 Qb8 (29... Qxc4 30. Bxc4 Rc6 31. Bf1 Rc5 32. a6 {is not great
choice also.}) 30. Qc5 $1 Nd6 31. Bd3 Nd7 32. Qa3 $16 {[%csl Ra7,Re5][%cal
Ye1b1] White's plan is very easy: to play in good time a6, and to attack weak
pawn on a7.} Nf8 33. Rb1 Qc7 34. Rc1 Qd8 35. a6 $1 Ng6 36. Qc5 Re7 37. f3 $1 {
[%cal Yg3f2,Rf2a7]} Ne8 38. Bf1 {Difference between bishops and knights is
very clear now.} Rc7 39. Qe3 Rd7 (39... Rxc1 40. Qxc1 {and Black can't protect
a7 pawn.}) 40. Kh2 $5 {Kasparov shows that he has enough time for his plan and
doesn't need to be in hurry.} Re7 41. Rc6 (41. Rb1 $142 $1 $18 {/\Rb7 Dokhoian}
) 41... Kh7 42. Qc1 {Everything according to rules: Rook ahead of Queen on the
open line.} Nc7 43. Qc3 Qd7 44. Rc5 Qd6 (44... Ne6 45. Rd5 Qc7 46. Bxe5 Nxe5
47. Qxe5 $18) 45. Bf2 Ne6 46. Rd5 Qb8 47. Rb5 Qd6 48. Rb7 {Rook came on b7-
beggining of the end.} Nd4 49. Qb4 {Move by move, Kasparov blackmailed his
opponent with queen exchange.} Qf6 (49... Qxb4 50. Rxb4 Rc7 51. Bxd4 (51. Rb7
Rc1 52. Bxd4 exd4 53. Bb5) 51... exd4 52. Rxd4 $18) 50. Qc5 Nc6 51. Be3 $1 Re6
52. Bc4 Re7 53. Bd5 $18 {With simple but strong moves Kasparov got a
completely winning positions.} Nd4 54. Rxa7 Rxa7 55. Qxa7 Ne7 (55... Nxf3+ 56.
gxf3 Qxf3 57. Qxf7 Nf4 (57... Qe2+ 58. Bf2) 58. Qf5+ Kh8 59. Qf8+ Kh7 60. Bg8+
Kg6 61. Qf5#) 56. Bc4 h5 57. Qc5 {Great positional achievments for Kasparov.}
1-0

[Event "Candidates qf3"]
[Site "Brussels"]
[Date "1991.??.??"]
[Round "2"]
[White "Jussupow, Artur"]
[Black "Ivanchuk, Vassily"]
[Result "1-0"]
[WhiteElo "2625"]
[BlackElo "2735"]
[Annotator "Rogers,I"]
[PlyCount "113"]
[EventDate "1991.08.??"]
[EventType "match"]
[EventRounds "8"]
[EventCountry "BEL"]
[SourceTitle "Candidates"]
[Source "ChessBase"]
[SourceDate "1999.07.01"]
[SourceVersion "2"]
[SourceVersionDate "1999.07.01"]
[SourceQuality "1"]

1. d4 Nf6 2. c4 e6 3. Nc3 Bb4 4. e3 c5 5. Bd3 Nc6 6. Nf3 d5 7. O-O O-O 8. a3
Bxc3 9. bxc3 dxc4 10. Bxc4 Qc7 11. Bd3 e5 12. Qc2 Re8 13. dxe5 Nxe5 14. Nxe5
Qxe5 15. f3 Bd7 {Black uses a well known trick to prevent an immediate advance
of White's central pawns but Ivanchuk over the next few moves shows that he
lacks a clear understanding of how to handle this type of Nimzo-Indian
position.} 16. a4 (16. e4 $2 Ba4 $1) 16... Rac8 $6 17. Re1 Red8 $6 18. e4 $1
Nd5 $5 19. Bd2 Nb6 20. a5 $1 c4 $1 21. axb6 cxd3 22. Qxd3 Be6 23. Qe3 axb6 24.
Reb1 Qc5 25. Qxc5 bxc5 {Ivanchuk had banked on the forgoing series of
exchanges to get him out of trouble. However Dvoretsky's star student
understands well that Black's queenside pawns are extremely vulnerable and he
conducts the technical phase of the game superbly.} 26. Be1 $1 Rd7 27. Rb5 h6
28. Rab1 Bc4 (28... Rcc7 29. Bg3 {still loses a pawn.}) 29. Rxb7 Rxb7 30. Rxb7
Ra8 31. Rd7 Ra2 32. h4 Re2 33. Bd2 Kf8 34. Bf4 $1 Rc2 35. Rd8+ Ke7 36. Rg8 Kf6
37. Bd6 $1 Rxc3 38. Bxc5 Rc1+ 39. Kh2 g6 40. Be3 ({In time trouble Jussupow
misses} 40. Re8 $1 Kg7 41. Bd4+ f6 42. Rc8 $1 {/\43.Rc7+ with an easy win. The
text wins a second pawn but leaves some work before the win is achieved.})
40... Rc2 41. Bxh6 Bf1 42. Bg5+ Ke6 43. Re8+ Kd7 44. Rd8+ Kc7 45. Rf8 Rxg2+ 46.
Kh1 Kd6 47. Rxf7 Rg3 48. Rf6+ Ke5 49. Rf8 Kd4 $6 50. Rd8+ Kc4 51. e5 Bh3 52.
Rf8 $1 Bf5 53. Rxf5 $3 gxf5 54. e6 Rxf3 55. e7 Rf1+ 56. Kg2 Re1 57. h5 {
The White pawns cannot be stopped.} 1-0

[Event "Lublin 3rd"]
[Site "Lublin"]
[Date "2011.05.17"]
[Round "3"]
[White "Wojtaszek, Radoslaw"]
[Black "Sasikiran, Krishnan"]
[Result "0-1"]
[WhiteElo "2721"]
[BlackElo "2676"]
[Annotator "Sasikiran,K"]
[PlyCount "80"]
[EventDate "2011.05.15"]
[EventType "tourn"]
[EventRounds "7"]
[EventCountry "POL"]
[EventCategory "18"]
[SourceTitle "CBM 143"]
[Source "ChessBase"]
[SourceDate "2011.07.15"]
[SourceVersion "1"]
[SourceVersionDate "2011.07.15"]
[SourceQuality "1"]

1. d4 Nf6 2. c4 e6 3. Nc3 Bb4 4. e3 O-O 5. Bd3 c5 6. Nf3 d5 7. O-O Nc6 8. a3
Bxc3 9. bxc3 dxc4 10. Bxc4 Qc7 11. h3 e5 12. Ba2 Bf5 13. d5 Rad8 14. c4 $5 (14.
Qe2 {A week earlier I had this position against Bu Xiangzhi in the Asian
Individual Championship 2011.} Ne7 ({I wanted to test the following idea in
the current game.} 14... Rxd5 $5 {similar to Kasimdzhanov - Alekseev, Elista
Grandprix 2008.} 15. Bxd5 Nxd5 16. e4 (16. Bb2 Nb6 $5 {provides long term
positional compensation in the form of light square control and play against
White's queenside pawns.}) 16... Nxc3 17. Qe3 Nxe4 18. Nh4 Nd6 19. Nxf5 Nxf5
20. Qxc5 Nfd4 $5 {Although the engine assesses this position as better for
Black, with no clear targets for the knights, the position remains unclear.})
15. c4 Ne4 {leads to complex strategic play.}) 14... e4 15. Nh4 Bc8 16. f4 $5 {
[%mdl 8]} (16. Bb2 $5 Qe7 17. f4 {is the main line} {which avoids} b5 $2 {
due to} 18. Qe1 $1 Nb8 19. Be5 Na6 20. cxb5 Nc7 21. d6 Rxd6 22. Bxd6 Qxd6 23.
Qa5 $18) 16... b5 $5 {White has a strong centre and two bishops and is ready
to expand on the kingside with g4. Black has to create quick counterplay in
the centre and the advance of the b-pawn pursues this aim.} 17. Bb2 (17. cxb5
Ne7 18. Bb2 Nexd5 19. Qe2 Qe7 $5 20. Rfc1 Nb6 $132) (17. Qe1 Na5 18. cxb5 (18.
Bd2 $2 Nxc4 19. Bxc4 bxc4 20. Ba5 Qe7 21. Bxd8 Rxd8 $17) 18... Nxd5 19. Bd2 Nb7
20. Rc1 Qd6 $132) 17... bxc4 18. Bxf6 gxf6 19. Qh5 (19. Bxc4 {allows the
additional option of} Na5 (19... Ne7 $5) 20. Qc2 f5 21. Rac1 Rd6 (21... Nb7 $6
22. Ba2 Qe7 23. g3 Nd6 24. Qxc5 Ba6 25. Rfe1 $16) 22. Rfd1 Bd7 23. Qe2 Nxc4 24.
Qxc4 Rc8 $13) 19... Ne7 {With the kingside broken, I wanted to keep the knight
closer to the kingside, retaining the option of playing ...f6-f5 protecting
the e4-pawn.} (19... Na5 $2 {looked dangerous during the game} {after} 20. Bb1
{and the engine confirms this evaluation} Rfe8 (20... Qe7 21. Nf5 Bxf5 22. Qxf5
Rfe8 23. Rf3 Nb3 (23... Nb7 24. Rg3+ $18) 24. Rg3+ Kf8 25. Qxh7 Qd6 26. Bxe4
Nxa1 27. Rg7 $1 Rd7 28. Bf5 $18) 21. Rf3 Rxd5 (21... exf3 22. Qxh7+ Kf8 23.
Ng6+ fxg6 24. Qxc7 $18) 22. Qxd5 exf3 23. Qh5 $1 Kf8 (23... f5 24. Qg5+ Kh8 (
24... Kf8 25. Qh6+ Ke7 26. Bxf5 f2+ 27. Kf1 $16) 25. Qf6+ Kg8 26. Bxf5 $16) 24.
Qxh7 $16) 20. Bxc4 Kh8 $2 {I felt the following exchange of pawns was in
Black's favour considering the doubled pawns on the f-file. However, Black's
king is too exposed and even the passed c-pawn does not compensate for this
factor and can easily become a weakness in itself (see the variations for
White's 23rd move).} (20... Rd6 $5 {The principled reply. Black avoids d6 and
sets about eliminating the d-pawn.} 21. Rfd1 (21. g4 $6 Qa5 $15) (21. f5 Nxd5
22. Qh6 Qd8 23. Rac1 (23. Bxd5 Rxd5 24. Rf4 Kh8 25. Raf1 Rg8 26. Rxe4 Bb7 $15)
23... Bb7 (23... Ba6 24. Kh1 $1 $44) 24. Ba2 Qe7 (24... Re8 25. Rxc5 $13) 25.
Rxc5 Rfd8 26. Bxd5 Bxd5 27. Rf4 Qf8 28. Rg4+ Kh8 29. Qf4 Bb7 30. Kh2 R8d7 {
and Black's pieces are slightly better co-ordinated than White's, although
whether this can be turned into something concrete is still unclear.}) 21...
Rfd8 22. Rab1 Qa5 23. Qe2 Qc7 (23... Nxd5 $2 24. Bxd5 Rxd5 25. Rxd5 Rxd5 26.
Rb8 Qd8 27. Nf5 $18) (23... f5 24. Qb2 $5 Qc7 (24... Ng6 25. Nxg6 hxg6 26. Kh2
$14) 25. Qe5 Nc6 26. Qc3 Ne7 $11) 24. Qh5 $11 (24. f5 Nxd5 25. Qg4+ Kf8 26. Qh5
Kg7 27. Qg4+ Kh8 28. Bxd5 Rxd5 29. Rxd5 Rxd5 30. Qxe4 Bb7 $15)) (20... Qa5 $2 {
pushes Black over the edge, as White's d-pawn begins to move.} {For example}
21. Rad1 Rd6 (21... Ng6 22. d6 Nxh4 23. Qxh4 Qc3 24. Bd5 Qxe3+ 25. Kh2 $18) 22.
f5 $1 Kh8 (22... Rfd8 23. Rf4 Qa4 24. Rg4+ Kf8 25. Rc1 $18) 23. Rf4 Qxa3 24.
Rxe4 Ng8 25. Nf3 $16) 21. d6 Rxd6 22. Bxf7 f5 23. g4 $4 {Radek wanted to
include the knight in the game as soon as possible. However it has the serious
drawback of exposing his king.} (23. Rfd1 $1 {The d6-rook is too active and
defends against Ng6 and must be exchanged.} Rf6 (23... Qc6 24. Rxd6 Qxd6 25.
Rd1 Qf6 26. Bc4 Kg7 {Now} 27. g4 $1 $16 {is in order.}) 24. Bc4 Be6 25. Qe2 $5
Bxc4 26. Qxc4 Rh6 27. Qc3+ Kg8 28. g3 c4 29. Rd4 Rc8 30. Rad1 Rb6 31. Rd7 Rb1
32. Kf2 Rxd1 33. Rxd1 Kf7 34. g4 $1 fxg4 35. hxg4 $14) (23. Bc4 $6 Ba6 $5 {
Radek was afraid of this exchange, rightly thinking that his knight is too far
from the passed pawn. Nevertheless the vulnerability of the black king and the
weakness on f5 should provide enough counterplay at least for a draw.} 24. Rfc1
Bxc4 25. Rxc4 Qb6 26. Rd1 Rd3 27. Rxd3 exd3 28. Qd1 Rd8 29. Nf3 Kg8 30. Qd2 $13
) 23... c4 $3 {Clearing the c5-square for the queen and cutting off the
retreat of the f7-bishop. Now the tactics work in Black's favour. Needless to
say, this move cost a lot of time and I was approaching time trouble already.}
24. gxf5 (24. g5 Kg7 $1 25. Be8 Qc5 26. Rfe1 Nd5 27. Ng2 Ra6 $1 28. Rad1 c3 $17
) 24... Qc5 25. Kh2 (25. Rfe1 Rf6 26. Be8 c3 27. Kh2 Bxf5 28. Ba4 Rd6 $17) (25.
Ng6+ Nxg6 26. fxg6 (26. Bxg6 $4 Rxg6+ $19) 26... Qxh5 27. g7+ Kxg7 28. Bxh5
Bxh3 $19) 25... Rd2+ 26. Kh1 Qxe3 27. Ng6+ Nxg6 28. Bxg6 (28. fxg6 Qxh3+ 29.
Qxh3 Bxh3 30. Rg1 hxg6 31. Bxc4 Kg7 $19) 28... Rd7 29. Qh6 (29. f6 Qg3 $1 30.
Bxe4 Bb7 31. Rfe1 (31. Bxb7 Rd2 {forces mate}) 31... Bxe4+ 32. Rxe4 Rd2 33. Re2
Rxe2 34. Qxe2 Qxh3+ 35. Qh2 Qc3 36. Rf1 Qxf6 $19) 29... Qc5 $1 {Achieving
co-ordination and as White is unable to create any threats against the black
king the passed pawns on the c- and e-files bring the victory.} 30. Rad1 Rg7
31. Rg1 Qb6 $5 ({It is never too late to blunder. I was considering} 31... Qc6
$4 {( intending to follow up with ...Bb7) for a few minutes before deciding on
the text.} 32. Qxg7+ Kxg7 33. Be8+ $18) (31... Qe7 {was also possible.}) 32.
Qh4 e3 33. Kh2 Bb7 34. Rb1 Qd4 35. Rgd1 Qe4 (35... Qc3 $1 {and the queen
reaches the 7th rank and wins easily.} 36. Kg1 Qc2 37. Qg3 Qxf5 38. Bxf5 Rxg3+
39. Kf1 Bg2+ 40. Ke2 Bf3+ $19) 36. Rb2 e2 (36... c3 37. Re2 c2 38. Rc1 Rxf5 39.
Rexc2 Rxg6 $19) 37. Rg1 c3 38. Rb4 Qc2 (38... e1=Q 39. Qxe1 Qc2+ 40. Kg3 hxg6
$19) 39. Re1 Bf3 40. Rd4 Qd2 $1 {The last move before the time control.} ({
After} 40... Qd2 41. Qf2 hxg6 42. fxg6 {the simplest is} Qxe1 $1 43. Qxe1 Rxg6
44. Rc4 Rg2+ 45. Kh1 c2 $5 46. Rxc2 Rxf4 $19 {when the discovered check wins a
lot of material.}) 0-1